000 00808nam a2200205 a 4500
003 AM-YeHGA
005 20250617154753.0
008 180515s1950 un |||||r|||||000|0|rus||
040 _aAM-YeHGA
041 1 _arus
_hukr
100 1 _aГаврилюк, Александр Акимович
245 1 0 _aБереза :
_bПовесть /
_cА.А. Гаврилюк ; [Вступ. статья: Б. Буряк] ; Пер. с укр. М. Бирюков.
260 _aЛьвов :
_bВільна Украіна,
_c1950.
300 _a94 с. ;
_c20 см.
650 1 4 _aУкраинская художественная литература
_xПовесть
700 1 _aБуряк, Б.
_eавт. предисл.
_4aui
700 1 _aБирюков, М.
_eпер.
_4trl
942 _2udc
_cBK
090 _c421729
999 _c419335
_d419335